| 000 | 01080nam a2200313 i 4500 | ||
|---|---|---|---|
| 003 | EG-GICUC | ||
| 005 | 20260508154720.0 | ||
| 008 | 260508s1966 au ||||fr|||| 00| 0 fre d | ||
| 040 |
_aEG-GiCUC _bfre _cEG-GiCUC _dEG-GiCUC _eRda |
||
| 041 | 0 | _afre | |
| 082 | 0 | 4 |
_221 _a343.411 _bNA . S |
| 092 | 0 | 4 | _221 |
| 099 | _aLaw1 10 343.411 NA . S 1966 | ||
| 100 | 1 |
_a Naguib, Hosni _eAuteur |
|
| 245 | 1 | 4 |
_aLes sanctions non criminelles en matière de délits économiques / _c par Naguib Hosni |
| 264 | 3 |
_aLe Caire : _bCairo University Press, _c1966. |
|
| 300 |
_a131 page ; _c 24 cm. _billustration ; |
||
| 336 |
_2rda contenu _a texte |
||
| 337 |
_2rda medias _aOrdinateur |
||
| 338 |
_2 transporteur rda _a Ressource en ligne |
||
| 500 | _aExtrait de la revue “Al Qanoun wal Iqtisad”, no. 3, XXXVIᵉ année | ||
| 504 | _aComprend des références bibliographiques. | ||
| 546 | _aTexte en français | ||
| 650 | 1 | 4 |
_aDroit pénal _2qrmak |
| 651 | 1 | _2qrmak | |
| 856 | 4 | 0 | _uhttps://fll.law.cu.edu.eg/fulltext/bks/B10-11838.pdf |
| 905 | _a74 | ||
| 942 |
_2ddc _n0 _cBK _e21 |
||
| 999 |
_c76283 _d76283 |
||